|
|
|
|
| LEADER |
00000nab a2200000 a 4500 |
| 001 |
vtls000888224 |
| 003 |
SK-MaSNL |
| 005 |
20260305043412.0 |
| 008 |
250429c2004 xo 0 slo |
| 015 |
|
|
|a SNBRB2004/10-30017
|
| 035 |
|
|
|a CLN000239659
|
| 035 |
|
|
|a urn:nbn:sk:snk-abtng
|
| 035 |
|
|
|a (urnnbn)urn:nbn:sk:snk:ar-003f5f
|
| 035 |
|
|
|a (uuid)842b6225-b998-48e5-8bf7-d38398133ee5
|
| 040 |
|
|
|a SNKBUCL
|b slo
|c SNKBUCL
|e AACR2
|
| 041 |
0 |
|
|a slo
|
| 044 |
|
|
|a xo
|c SK
|
| 080 |
|
|
|a 342
|2 1997
|
| 100 |
1 |
|
|a Antalová, Blažena
|4 aut
|9 10449
|
| 245 |
1 |
0 |
|a Názor Juliána na problém prerušenej kauzality podľa legis Aquiliae
|c Blažena Antalová
|
| 504 |
|
|
|a Bibliogr. odkazy
|
| 650 |
0 |
7 |
|a rímske právo
|2 snkbucl
|9 983
|
| 650 |
0 |
7 |
|a kauzalita
|2 SNKPH
|9 21062
|
| 650 |
0 |
7 |
|a poškodenie cuzdej veci protiprávne
|2 snkbucl
|9 1625742
|
| 650 |
0 |
7 |
|a rímske právo
|2 SNKPH
|9 983
|
| 655 |
|
7 |
|a články z novín a časopisov
|2 snkbucl
|9 267496
|
| 773 |
0 |
|
|t Justičná revue
|g Roč. 56., č. 4 (2004), s. 447-453
|x 1335-6461
|
| 850 |
|
|
|a Slovenská národná knižnica
|
| 852 |
|
|
|a Slovenská národná knižnica
|
| 954 |
|
|
|a odborná, vedecká literatúra pôvodná (slovenská)
|2 lita
|
| 958 |
|
|
|a article27
|
| 958 |
|
|
|a OND
|
| 958 |
|
|
|a NB
|
| 958 |
|
|
|a EUIPO
|
| 992 |
|
|
|a RBX
|
| 999 |
|
|
|c 3353421
|d 3355351
|